[Event "Sparkassen-Open A"]
[Site "Heusenstamm, Martinsee"]
[Date "2024.11.24"]
[Round "7.1"]
[White "Sikorra, Philipp"]
[Black "Fang, Borui"]
[Result "1/2-1/2"]
[WhiteElo "1801"]
[BlackElo "1775"]
[PlyCount "55"]
[EventDate "2024.11.21"]
[WhiteTeam "SF Schönwald"]
[BlackTeam "SV Oberursel"]

1. e4 e5 2. Nf3 Nc6 3. Bc4 Nf6 4. d3 Bc5 5. O-O d6 6. Be3 Bb6 7. a4 Be6 8. Nbd2 O-O 9. h3 h6 10. Nh2 d5 11. exd5 Nxd5 12. Bxd5 Bxd5 13. Bxb6 cxb6 14. Ng4 f5 15. Ne3 Be6 16. f4 exf4 17. Rxf4 g5 18. Rf2 Qd7 19. Nec4 Rae8 20. Nf3 Kg7 21. Nfe5 Nxe5 22. Nxe5 Qd4 23. Nc4 Bxc4 24. dxc4 Qxc4 25. b3 Qe6 26. Qf3 Qe4 27. Qg3 Qe5 28. Qxe5+ 1/2-1/2

[Event "Sparkassen-Open A"]
[Site "Heusenstamm, Martinsee"]
[Date "2024.11.24"]
[Round "7.2"]
[White "Negru, Maximilian"]
[Black "Englert, Fred"]
[Result "1-0"]
[WhiteElo "1556"]
[BlackElo "1790"]
[PlyCount "47"]
[EventDate "2024.11.21"]
[WhiteTeam "SK Bad Homburg 1927"]
[BlackTeam "SK 1982 Klingenberg e.V."]

1. e4 c6 2. d4 d5 3. f3 g6 4. Be3 Bg7 5. Qd2 dxe4 6. fxe4 c5 7. c3 cxd4 8. cxd4 e6 9. Nf3 Nf6 10. Nc3 h6 11. e5 Nd5 12. Ne4 Bf8 13. a3 Nxe3 14. Nf6+ Qxf6 15. exf6 Nd5 16. Ne5 Nxf6 17. Rc1 Nbd7 18. Bb5 a6 19. Bxd7+ Nxd7 20. O-O Nxe5 21. dxe5 Be7 22. Rc7 Bg5 23. Qd6 Rh7 24. Rf6 1-0

[Event "Sparkassen-Open A"]
[Site "Heusenstamm, Martinsee"]
[Date "2024.11.24"]
[Round "7.3"]
[White "Rafikova, Ailin"]
[Black "Englert, Lin"]
[Result "1/2-1/2"]
[WhiteElo "1655"]
[BlackElo "1683"]
[PlyCount "46"]
[EventDate "2024.11.21"]
[WhiteTeam "SK 1947 Sandhausen e.V."]
[BlackTeam "TV-Großostheim 1900 e.V."]

1. e4 c5 2. Nc3 Nc6 3. g3 g6 4. Bg2 Bg7 5. d3 Nf6 6. Be3 b6 7. Nge2 O-O 8. Qd2 e6 9. O-O d5 10. exd5 exd5 11. Bh6 Bb7 12. Bxg7 Kxg7 13. Nf4 d4 14. Ncd5 Nxd5 15. Bxd5 Qf6 16. Bg2 Nd8 17. Rae1 Bxg2 18. Kxg2 Nc6 19. Re2 Rfe8 20. Rfe1 Rxe2 21. Qxe2 Rd8 22. h4 Rb8 23. Nd5 Qd6 1/2-1/2

[Event "Sparkassen-Open A"]
[Site "Heusenstamm, Martinsee"]
[Date "2024.11.24"]
[Round "7.4"]
[White "Ahrens, Gunnar"]
[Black "Salomov, Asilbek"]
[Result "0-1"]
[WhiteElo "1760"]
[BlackElo "1589"]
[PlyCount "50"]
[EventDate "2024.11.21"]
[WhiteTeam "Delmenhorster SK V 1931"]
[BlackTeam "Aachen"]

1. f4 Nc6 2. Nf3 d6 3. e3 e5 4. fxe5 dxe5 5. Bb5 Bd7 6. Qe2 Bd6 7. b3 f5 8. Bb2 Qe7 9. Nc3 Nf6 10. h3 a6 11. Bxc6 Bxc6 12. d3 O-O-O 13. O-O-O Rhe8 14. Nd2 g6 15. Kb1 Nh5 16. Nf1 Bc5 17. Re1 Qg5 18. e4 Nf4 19. Bc1 Nxe2 20. Bxg5 Nxc3+ 21. Kb2 Bf2 22. Ne3 Bxe1 23. Rxe1 Nb5 24. Bxd8 Kxd8 25. Nc4 fxe4 0-1

[Event "Sparkassen-Open A"]
[Site "Heusenstamm, Martinsee"]
[Date "2024.11.24"]
[Round "7.5"]
[White "Berkes, Jörg"]
[Black "Joshi, Kanad"]
[Result "1/2-1/2"]
[WhiteElo "1836"]
[BlackElo "1732"]
[PlyCount "149"]
[EventDate "2024.11.21"]
[WhiteTeam "SK Langen"]
[BlackTeam "SV Oberursel"]

1. Nf3 d5 2. g3 Nf6 3. Bg2 e6 4. O-O c5 5. d3 Nc6 6. Nbd2 Be7 7. Re1 O-O 8. e4 b5 9. e5 Nd7 10. h4 f6 11. exf6 Nxf6 12. Ng5 Qd6 13. Ndf3 e5 14. a4 b4 15. Qe2 Bg4 16. Bh3 h6 17. Bxg4 Nxg4 18. Nh3 Rae8 19. Kg2 Bd8 20. Nfg1 Nf6 21. c3 bxc3 22. bxc3 Ba5 23. Bd2 d4 24. c4 Bb4 25. Bxb4 Nxb4 26. f3 a5 27. g4 Qc6 28. Kh2 Qd6 29. Kh1 Nh7 30. Red1 Qf6 31. h5 Qh4 32. Kg2 Qf6 33. Rd2 g6 34. hxg6 Qxg6 35. Qe4 Qg7 36. Kh2 Nf6 37. Qe1 Qg6 38. Rad1 Nd7 39. Qh4 e4 40. dxe4 Ne5 41. f4 Nxg4+ 42. Kh1 Ne3 43. f5 Qf6 44. Qg3+ Kh8 45. Re1 Rg8 46. Qf3 Nc6 47. Nf4 Qh4+ 48. Rh2 Qf6 49. Qh5 Ng4 50. Ng6+ Rxg6 51. fxg6 Nce5 52. g7+ Kxg7 53. Rg2 Qg6 54. Qxg6+ Kxg6 55. Rb1 h5 56. Rb5 Nxc4 57. Rxc5 Nce3 58. Rb2 Rxe4 59. Rb6+ Nf6 60. Nf3 Neg4 61. Nh4+ Kh6 62. Nf5+ Kg6 63. Rb7 Ne5 64. Ne7+ Kg5 65. Nc6 Nfg4 66. Nxe5 Rxe5 67. Rxe5+ Nxe5 68. Rb5 Kf4 69. Rxa5 d3 70. Rd5 Ke4 71. Rb5 d2 72. Rb1 Ke3 73. a5 Nc6 74. a6 Ke2 75. Kg2 1/2-1/2

[Event "Sparkassen-Open A"]
[Site "Heusenstamm, Martinsee"]
[Date "2024.11.24"]
[Round "7.6"]
[White "Carvelli, Nicolas"]
[Black "Bardorz, Stefan"]
[Result "1/2-1/2"]
[WhiteElo "1745"]
[BlackElo "1800"]
[PlyCount "37"]
[EventDate "2024.11.21"]
[WhiteTeam "SF Seligenstadt 05"]
[BlackTeam "TSV 1869 e. V. Rottendorf"]

1. d4 d5 2. c4 e6 3. cxd5 exd5 4. Nf3 Bf5 5. Nc3 c6 6. Bf4 Nf6 7. e3 Bd6 8. Bxd6 Qxd6 9. Bd3 Bxd3 10. Qxd3 Nbd7 11. O-O O-O 12. Rfe1 Rfe8 13. e4 dxe4 14. Nxe4 Nxe4 15. Rxe4 Rxe4 16. Qxe4 Rd8 17. Re1 Nf6 18. Qe7 Qxe7 19. Rxe7 1/2-1/2

[Event "Sparkassen-Open A"]
[Site "Heusenstamm, Martinsee"]
[Date "2024.11.24"]
[Round "7.7"]
[White "Nguyen, Minh An"]
[Black "Bach, Oliver"]
[Result "1-0"]
[WhiteElo "1708"]
[BlackElo "1788"]
[PlyCount "81"]
[EventDate "2024.11.21"]
[WhiteTeam "SV 1920 Hofheim"]
[BlackTeam "Sabt Frankfurter TV 1860"]

1. d4 d5 2. Bf4 Nf6 3. e3 e6 4. Nd2 Bd6 5. Bg3 Bxg3 6. hxg3 Nbd7 7. c3 b6 8. Ngf3 Bb7 9. Bd3 Qe7 10. Ne5 Nxe5 11. dxe5 Nd7 12. f4 f5 13. Nb3 Nc5 14. Nxc5 Qxc5 15. Kf2 O-O-O 16. Qb3 Kb8 17. a4 a5 18. Qb5 Qxb5 19. axb5 c5 20. bxc6 Bxc6 21. g4 fxg4 22. Bxh7 Rdf8 23. Bg6 Rh6 24. Rxh6 gxh6 25. Rh1 Rh8 26. Kg3 a4 27. Kxg4 Kc7 28. Kh5 Bb5 29. Re1 Kd7 30. e4 Bc4 31. exd5 Bxd5 32. g4 Bf3 33. Re3 Bd5 34. Rd3 Kc6 35. Rd4 b5 36. Be4 Bxe4 37. Rxe4 Rd8 38. Kxh6 Rd2 39. Rb4 Rf2 40. g5 Rh2+ 41. Kg7 1-0

[Event "Sparkassen-Open A"]
[Site "Heusenstamm, Martinsee"]
[Date "2024.11.24"]
[Round "7.8"]
[White "Ritonnale, Theo"]
[Black "Hasenpflug, Till"]
[Result "0-1"]
[WhiteElo "1847"]
[BlackElo "1710"]
[PlyCount "60"]
[EventDate "2024.11.21"]
[WhiteTeam "Sfr.Mainz 1928"]
[BlackTeam "SK Bad Homburg 1927"]

1. e4 c5 2. Nc3 Nc6 3. d3 g6 4. g3 Bg7 5. Bg2 e6 6. f4 Nge7 7. Nf3 b6 8. O-O Bb7 9. Nh4 f5 10. Nf3 O-O 11. e5 a6 12. Re1 Qc7 13. Be3 Rad8 14. Bf2 Nc8 15. Ne2 Rfe8 16. c3 d6 17. exd6 Nxd6 18. Qc2 e5 19. fxe5 Nxe5 20. Nxe5 Bxg2 21. Nxg6 Bb7 22. Nh4 Qc6 23. Kf1 Bf6 24. Nf4 Bxh4 25. gxh4 Qf3 26. Rxe8+ Rxe8 27. Qd2 Kf7 28. Re1 Rg8 29. Qe3 Rg1+ 30. Kxg1 Qh1# 0-1

[Event "Sparkassen-Open A"]
[Site "Heusenstamm, Martinsee"]
[Date "2024.11.24"]
[Round "7.9"]
[White "Fettig, Konrad"]
[Black "Jacobs, Thomas"]
[Result "1/2-1/2"]
[WhiteElo "1705"]
[BlackElo "1841"]
[PlyCount "52"]
[EventDate "2024.11.21"]
[WhiteTeam "SC ML Kastellaun"]
[BlackTeam "SV 1929 Raunheim"]

1. e4 c5 2. Nf3 d6 3. c3 Nf6 4. e5 dxe5 5. Nxe5 Nbd7 6. Bb5 e6 7. d4 Bd6 8. Bg5 cxd4 9. Bxd7+ Bxd7 10. Nxd7 Qxd7 11. Bxf6 gxf6 12. Qxd4 Ke7 13. Nd2 Rhg8 14. g3 Rg5 15. Ne4 Rf5 16. Qxd6+ Qxd6 17. Nxd6 Kxd6 18. O-O-O+ Kc7 19. Rd2 Rd8 20. Rhd1 Rxd2 21. Rxd2 Kc6 22. Kd1 Rh5 23. h4 Ra5 24. b3 Kc7 25. Ke2 Kc6 26. Ke3 Re5+ 1/2-1/2

[Event "Sparkassen-Open A"]
[Site "Heusenstamm, Martinsee"]
[Date "2024.11.24"]
[Round "7.10"]
[White "Al Luwaisi, Moutaz"]
[Black "Kirchner, Stefan"]
[Result "1/2-1/2"]
[WhiteElo "1769"]
[BlackElo "1699"]
[PlyCount "22"]
[EventDate "2024.11.21"]
[WhiteTeam "SC ML Kastellaun"]
[BlackTeam "SF Schöneck"]

1. e4 e6 2. d4 d5 3. Nc3 Nf6 4. e5 Nbd7 5. Bd3 c5 6. Bb5 a6 7. Bxd7+ Nxd7 8. Nf3 Be7 9. O-O f6 10. Ne2 f5 11. c3 c4 1/2-1/2

[Event "Sparkassen-Open A"]
[Site "Heusenstamm, Martinsee"]
[Date "2024.11.24"]
[Round "7.11"]
[White "Ziegler, Christopher"]
[Black "Kesavan, Sarvesh"]
[Result "1/2-1/2"]
[WhiteElo "1733"]
[BlackElo "1669"]
[PlyCount "48"]
[EventDate "2024.11.21"]
[WhiteTeam "SV 1920 Kelsterbach"]
[BlackTeam "SK Bad Homburg 1927"]

1. e4 c5 2. Nc3 Nc6 3. Nf3 e6 4. d4 cxd4 5. Nxd4 Qc7 6. Be3 Nf6 7. Qd2 Bb4 8. f3 a6 9. g3 Be7 10. Bc4 d6 11. O-O-O Bd7 12. g4 Ne5 13. Be2 h6 14. h4 Nh7 15. f4 Nc4 16. Bxc4 Qxc4 17. g5 h5 18. f5 e5 19. Nf3 Bc6 20. Qd3 Qxd3 21. Rxd3 Rc8 22. Nd5 Bb5 23. Rc3 Rxc3 24. Nxc3 Bc6 1/2-1/2

[Event "Sparkassen-Open A"]
[Site "Heusenstamm, Martinsee"]
[Date "2024.11.24"]
[Round "7.12"]
[White "Gärtner, David"]
[Black "Iannotti, Tim"]
[Result "1-0"]
[WhiteElo "1722"]
[BlackElo "1649"]
[PlyCount "83"]
[EventDate "2024.11.21"]
[WhiteTeam "Sfr.Mainz 1928"]
[BlackTeam "SV Oberursel"]

1. d4 d5 2. c4 e6 3. g3 Nf6 4. Bg2 Bb4+ 5. Bd2 Bxd2+ 6. Qxd2 O-O 7. Nf3 Ne4 8. Qd3 Nc6 9. a3 Qe7 10. Nc3 Nxc3 11. Qxc3 Re8 12. O-O dxc4 13. Nd2 Qd6 14. e3 b5 15. Ne4 Qd7 16. Nc5 Qd6 17. Na4 Qd7 18. Nc5 Qd6 19. a4 e5 20. axb5 exd4 21. Qxc4 Ne5 22. Qxd4 Rb8 23. Qxd6 cxd6 24. Ne4 Rd8 25. Rxa7 Rxb5 26. Ra8 d5 27. Rc1 Nc4 28. Nc3 Rc5 29. Nxd5 Kf8 30. b3 Ke8 31. Rxc4 Rxc4 32. bxc4 Bb7 33. Rxd8+ Kxd8 34. Kf1 Bxd5 35. Bxd5 Ke7 36. c5 f6 37. c6 Kd6 38. Ke2 g5 39. h4 gxh4 40. gxh4 h6 41. h5 f5 42. Kf3 1-0

[Event "Sparkassen-Open A"]
[Site "Heusenstamm, Martinsee"]
[Date "2024.11.24"]
[Round "7.14"]
[White "Marshall, Anton Florian"]
[Black "Liu, Jonas"]
[Result "1-0"]
[WhiteElo "1712"]
[BlackElo "1602"]
[PlyCount "119"]
[EventDate "2024.11.21"]
[WhiteTeam "Lübeck"]
[BlackTeam "SV Oberursel"]

1. e4 c5 2. Nc3 Nc6 3. Bb5 g6 4. f4 Bg7 5. Nf3 Nd4 6. O-O Nxb5 7. Nxb5 Nf6 8. d3 O-O 9. Qe1 a6 10. Nc3 b5 11. Qh4 b4 12. Ne2 d5 13. f5 gxf5 14. exf5 Bxf5 15. Bh6 Bg6 16. Ng5 e5 17. Ng3 Bxh6 18. Qxh6 Ng4 19. Qh4 h6 20. Nf3 Qxh4 21. Nxh4 a5 22. Rae1 d4 23. Nhf5 h5 24. h3 Nf6 25. Ne7+ Kg7 26. Rxe5 c4 27. Nxg6 fxg6 28. Re7+ Kh6 29. dxc4 Rac8 30. b3 Ng8 31. Rd7 Rfd8 32. Rff7 a4 33. h4 Rxd7 34. Rxd7 a3 35. Rxd4 Re8 36. Ne4 Ne7 37. Nd6 Rb8 38. Rd3 Nf5 39. Nxf5+ gxf5 40. c3 bxc3 41. Rxc3 Rd8 42. Rc2 Rd4 43. c5 Rd8 44. c6 Rc8 45. c7 Kg6 46. Kf2 Kf6 47. Kf3 Ke5 48. Rc4 f4 49. b4 Kd5 50. Rc1 Ke5 51. b5 Kd6 52. b6 Kd7 53. Rd1+ Kc6 54. Rd8 Kb7 55. Rxc8 Kxc8 56. Ke4 Kb7 57. Kd5 f3 58. gxf3 Kc8 59. Kd6 Kb7 60. Kd7 1-0

[Event "Sparkassen-Open A"]
[Site "Heusenstamm, Martinsee"]
[Date "2024.11.24"]
[Round "7.16"]
[White "Nain, Medhansh"]
[Black "Morgenroth, Fabian"]
[Result "1/2-1/2"]
[WhiteElo "1685"]
[BlackElo "1895"]
[PlyCount "75"]
[EventDate "2024.11.21"]
[WhiteTeam "Schachforum Darmstadt 1994"]
[BlackTeam "SC Turm Breuberg"]

1. e4 e6 2. d4 d5 3. e5 c5 4. c3 Nc6 5. Nf3 Qb6 6. a3 c4 7. Be2 Na5 8. Nbd2 Bd7 9. Rb1 Ne7 10. O-O Qc7 11. Re1 Nc8 12. Bf1 Nb6 13. g3 Be7 14. h4 O-O-O 15. Bh3 h6 16. Nf1 Rdg8 17. N3h2 Qd8 18. Qf3 Be8 19. Ne3 Kb8 20. b3 h5 21. bxc4 Nbxc4 22. Nxc4 Nxc4 23. Bf1 Qc7 24. Bxc4 Qxc4 25. Re2 g5 26. Reb2 b6 27. Bxg5 Bxg5 28. hxg5 Rg6 29. Rb4 Qc7 30. Qe3 Bd7 31. Kf1 Bc8 32. a4 Ba6+ 33. Kg1 Bc4 34. Nf1 h4 35. g4 Rc8 36. a5 b5 37. Nd2 a6 38. Nxc4 1/2-1/2

[Event "Sparkassen-Open A"]
[Site "Heusenstamm, Martinsee"]
[Date "2024.11.24"]
[Round "7.17"]
[White "Raghavan, Badrinarayanan"]
[Black "Glavev, Danail"]
[Result "1/2-1/2"]
[WhiteElo "1823"]
[BlackElo "1680"]
[PlyCount "74"]
[EventDate "2024.11.21"]
[WhiteTeam "SK 1858 Gießen"]
[BlackTeam "SK Bad Homburg 1927"]

1. e4 e5 2. Nf3 Nc6 3. Bc4 Nf6 4. d4 exd4 5. O-O Be7 6. Nxd4 O-O 7. Nxc6 dxc6 8. Nc3 Bg4 9. f3 Be6 10. Bxe6 fxe6 11. Be3 e5 12. Qd3 Bd6 13. Rad1 Qe7 14. a3 Rad8 15. Kh1 Kh8 16. Qc4 Qf7 17. Qxf7 Rxf7 18. Rd3 Rff8 19. Rfd1 Rfe8 20. Kg1 b6 21. b4 Kg8 22. Ne2 Be7 23. Ng3 g6 24. f4 Rxd3 25. Rxd3 Bd6 26. f5 Kg7 27. h3 Nd7 28. h4 c5 29. b5 Nf6 30. Bg5 Be7 31. Ne2 Rd8 32. Nc3 Rd4 33. Be3 Rd8 34. Bg5 Rd4 35. Be3 Rd5 36. fxg6 Kxg6 37. Bg5 Rd4 1/2-1/2

[Event "Sparkassen-Open A"]
[Site "Heusenstamm, Martinsee"]
[Date "2024.11.24"]
[Round "7.18"]
[White "Vick, Edward"]
[Black "Bauer, Ottmar"]
[Result "0-1"]
[WhiteElo "1626"]
[BlackElo "1806"]
[PlyCount "120"]
[EventDate "2024.11.21"]
[WhiteTeam "TuS Makkabi Wiesbaden"]
[BlackTeam "TSV 1869 e. V. Rottendorf"]

1. e4 c6 2. d4 d5 3. e5 Bf5 4. Bd3 Bxd3 5. Qxd3 e6 6. Ne2 a6 7. O-O c5 8. dxc5 Nd7 9. f4 Nxc5 10. Qf3 g6 11. Rd1 Ne4 12. Nbc3 Bc5+ 13. Be3 Bxe3+ 14. Qxe3 Nxc3 15. Nxc3 Qc7 16. Rac1 Ne7 17. Na4 b5 18. Qc5 Rc8 19. Qxc7 Rxc7 20. Nc3 O-O 21. a4 b4 22. Ne2 Rfc8 23. c3 bxc3 24. Rxc3 Rxc3 25. Nxc3 Rb8 26. Rd2 Nc6 27. Ne2 Na5 28. Nc3 Nc4 29. Rd4 Rxb2 30. Nxd5 exd5 31. Rxd5 Rd2 32. Rc5 Rd4 33. g3 Nd2 34. Ra5 Ne4 35. Rxa6 Nc5 36. Ra8+ Kg7 37. a5 Rd2 38. Ra7 Ra2 39. Kh1 h5 40. Kg1 Ne6 41. h4 Rc2 42. a6 Ra2 43. Kf1 Nc5 44. Ra8 Rxa6 45. Rxa6 Nxa6 46. Ke2 Nc5 47. Kf3 Ne6 48. g4 hxg4+ 49. Kxg4 Nd4 50. Kg5 Ne6+ 51. Kg4 Kh6 52. f5 Nd4 53. fxg6 fxg6 54. Kf4 Kh5 55. Kg3 Ne6 56. Kh3 Nd4 57. Kg3 Nf5+ 58. Kf4 Kxh4 59. e6 Ne7 60. Ke5 Kg5 0-1

[Event "Sparkassen-Open A"]
[Site "Heusenstamm, Martinsee"]
[Date "2024.11.24"]
[Round "7.19"]
[White "Hofmann, Werner"]
[Black "Wambach, Johannes"]
[Result "1-0"]
[WhiteElo "1789"]
[BlackElo "1550"]
[PlyCount "57"]
[EventDate "2024.11.21"]
[WhiteTeam "SV 1920 Kelsterbach"]
[BlackTeam "SK 1982 Klingenberg e.V."]

1. d4 Nf6 2. Nc3 g6 3. e4 d6 4. Bg5 Bg7 5. Qd2 h6 6. Bf4 Nbd7 7. Nf3 e5 8. dxe5 dxe5 9. Be3 Ng4 10. Be2 Nxe3 11. Qxe3 O-O 12. Rd1 Qe7 13. Nd5 Qd8 14. O-O c6 15. Nc3 Qe7 16. a3 Rd8 17. Rd2 Nf8 18. Rfd1 Be6 19. Bd3 Nh7 20. Ne2 Rf8 21. Ng3 f5 22. exf5 Bxf5 23. Nxf5 gxf5 24. Bc4+ Kh8 25. Rd7 Qf6 26. R1d6 f4 27. Qc3 Qf5 28. Bd3 Qh5 29. Bg6 1-0

[Event "Sparkassen-Open A"]
[Site "Heusenstamm, Martinsee"]
[Date "2024.11.24"]
[Round "7.24"]
[White "Pyshny, Antonia"]
[Black "Stojanoski, Stefan"]
[Result "0-1"]
[WhiteElo "1796"]
[BlackElo "1659"]
[PlyCount "100"]
[EventDate "2024.11.21"]
[WhiteTeam "SC Eschborn 1974"]
[BlackTeam "SAbt TuS Makkabi Ffm"]

1. e4 e5 2. Nf3 Nc6 3. Bc4 Bc5 4. d3 Nf6 5. Nc3 Bb4 6. Bd2 O-O 7. Qe2 d6 8. O-O-O Bg4 9. Rde1 Nd4 10. Qd1 c5 11. h3 Be6 12. Nd5 Bxd2+ 13. Qxd2 Bxd5 14. exd5 b5 15. Nxd4 cxd4 16. Bb3 a5 17. a4 bxa4 18. Bxa4 Rb8 19. Bc6 Qb6 20. b3 Qc5 21. Kb2 Nxd5 22. Bxd5 Qxd5 23. Ra1 Rb4 24. f4 Rfb8 25. Ra3 a4 26. Rc1 h6 27. fxe5 dxe5 28. g4 f6 29. h4 Qa5 30. Qe1 Qd5 31. Qd2 axb3 32. c4 dxc3+ 33. Rxc3 Qd4 34. g5 Rc8 35. Raxb3 Rxb3+ 36. Kxb3 Rxc3+ 37. Qxc3 Qxc3+ 38. Kxc3 Kf7 39. gxh6 gxh6 40. h5 Ke6 41. d4 exd4+ 42. Kxd4 Kf5 43. Ke3 Kg5 44. Ke4 f5+ 45. Ke5 f4 46. Ke4 Kg4 47. Ke5 f3 48. Kf6 Kxh5 49. Kf5 f2 50. Kf4 f1=Q+ 0-1

[Event "Sparkassen-Open A"]
[Site "Heusenstamm, Martinsee"]
[Date "2024.11.24"]
[Round "7.25"]
[White "Kludszuweit, Kim Ira"]
[Black "Lingl, Peter"]
[Result "1/2-1/2"]
[WhiteElo "1658"]
[BlackElo "1757"]
[PlyCount "120"]
[EventDate "2024.11.21"]
[WhiteTeam "SF Essen-Werden 1924/"]
[BlackTeam "SC JÄKLECHEMIE Talente Franken e"]

1. d4 c5 2. d5 e5 3. dxe6 fxe6 4. e4 d6 5. Be2 e5 6. Nc3 Nf6 7. Bg5 Be6 8. Nf3 Be7 9. h3 O-O 10. Qd2 a6 11. Be3 b5 12. Ng5 Bd7 13. Nd5 h6 14. Nxf6+ Bxf6 15. Qd5+ Kh8 16. Nf7+ Rxf7 17. Qxf7 Ra7 18. O-O Nc6 19. Qh5 Be8 20. Qf3 Rf7 21. Bd3 c4 22. Be2 Bh4 23. Qg4 Bd7 24. Qh5 Be8 25. Bxh6 Rf4 26. Bg5+ Bxh5 27. Bxd8 Bxe2 28. Bxh4 Bxf1 29. Bg3 Rxe4 30. Kxf1 Nb4 31. c3 Nc6 32. Rd1 Ne7 33. Rxd6 Nf5 34. Rxa6 Nxg3+ 35. fxg3 Re3 36. g4 Rd3 37. Ke2 Rg3 38. Kf1 Rd3 39. Re6 Rd2 40. b4 Rc2 41. Rxe5 Rxc3 42. Rxb5 Rc2 43. a4 c3 44. Rc5 Rb2 45. Rxc3 Rxb4 46. Ra3 Rb6 47. a5 Ra6 48. Ra4 Kh7 49. Kf2 Kg6 50. h4 Kh6 51. g5+ Kg6 52. Kf3 Kh5 53. g3 g6 54. Kg2 Rc6 55. a6 Rc2+ 56. Kf1 Rc1+ 57. Ke2 Rc2+ 58. Kd3 Rd2+ 59. Kc4 Rc2+ 60. Kb5 Rc5+ 1/2-1/2

[Event "Sparkassen-Open A"]
[Site "Heusenstamm, Martinsee"]
[Date "2024.11.24"]
[Round "7.26"]
[White "Papadopoulos, Kyriakos"]
[Black "Avhopulo, Kirill"]
[Result "1/2-1/2"]
[WhiteElo "1656"]
[BlackElo "1743"]
[PlyCount "50"]
[EventDate "2024.11.21"]
[WhiteTeam "VSG 1880 Offenbach"]
[BlackTeam "SK Marburg 1931/72"]

1. e4 c5 2. Nf3 Nc6 3. d4 cxd4 4. Nxd4 Nf6 5. Nc3 e6 6. Be3 Bb4 7. f3 Bxc3+ 8. bxc3 g6 9. Bc4 O-O 10. Bg5 Qa5 11. Qd2 d5 12. Bxf6 dxc4 13. Qg5 Qxg5 14. Bxg5 Bd7 15. Rb1 b5 16. O-O f6 17. Be3 e5 18. Nxc6 Bxc6 19. Rfd1 Rfd8 20. Kf2 Kf7 21. Bb6 Rxd1 22. Rxd1 Rb8 23. Ba5 Ra8 24. Rd6 Be8 25. Rb6 h6 1/2-1/2

[Event "Sparkassen-Open A"]
[Site "Heusenstamm, Martinsee"]
[Date "2024.11.24"]
[Round "7.27"]
[White "Steinke, Hans-Jörg"]
[Black "Usatenko, Ksenia"]
[Result "1/2-1/2"]
[WhiteElo "1742"]
[BlackElo "1656"]
[PlyCount "115"]
[EventDate "2024.11.21"]
[WhiteTeam "Schachverein Erkenschwick 1923 e"]
[BlackTeam "Hanau"]

1. d4 Nf6 2. c4 g6 3. Nc3 d5 4. cxd5 Nxd5 5. e4 Nxc3 6. bxc3 Bg7 7. Bc4 c5 8. Be3 Nc6 9. Ne2 O-O 10. O-O cxd4 11. cxd4 b6 12. Rc1 Bb7 13. f3 Rc8 14. Qd2 Qd7 15. Rfd1 e6 16. d5 exd5 17. Bxd5 Rfd8 18. Bg5 Re8 19. Be3 Na5 20. Bxb7 Qxd2 21. Bxd2 Nxb7 22. Bc3 Nc5 23. Bxg7 Kxg7 24. Kf1 Red8 25. Nd4 h6 26. Ke2 Kf6 27. g3 Ne6 28. Nxe6 Kxe6 29. Rxd8 Rxc1 30. h4 Rc2+ 31. Rd2 Rxd2+ 32. Kxd2 Kd6 33. Kd3 Kc5 34. a3 b5 35. f4 a5 36. g4 a4 37. Kc3 f6 38. e5 fxe5 39. f5 gxf5 40. g5 hxg5 41. h5 g4 42. h6 g3 43. h7 g2 44. h8=Q g1=Q 45. Qxe5+ Kc6 46. Qe6+ Kc7 47. Qe7+ Kb6 48. Qd6+ Ka5 49. Qb4+ Ka6 50. Qd6+ Qb6 51. Qf4 Qc6+ 52. Kb2 Qf6+ 53. Kb1 Qf8 54. Kb2 Qf6+ 55. Kb1 Qc3 56. Qd6+ Kb7 57. Qd7+ Qc7 58. Qxf5 1/2-1/2

[Event "Sparkassen-Open A"]
[Site "Heusenstamm, Martinsee"]
[Date "2024.11.24"]
[Round "7.28"]
[White "Will, Elina"]
[Black "Eckert, Michael"]
[Result "1/2-1/2"]
[WhiteElo "1650"]
[BlackElo "1729"]
[PlyCount "46"]
[EventDate "2024.11.21"]
[WhiteTeam "TuS Makkabi Wiesbaden"]
[BlackTeam "SK Herborn 1946"]

1. e4 e5 2. Nf3 Nc6 3. d4 exd4 4. Nxd4 Nf6 5. Nc3 Bb4 6. Nxc6 bxc6 7. Bd3 d5 8. exd5 cxd5 9. O-O O-O 10. Bg5 c6 11. Ne2 h6 12. Be3 Bg4 13. f3 Qe7 14. Bf2 Bd7 15. c3 Bc5 16. Nd4 Rfe8 17. Qd2 Qd8 18. Kh1 Bb6 19. Rfe1 Qc7 20. Bc2 c5 21. Nb3 Be6 22. Rad1 Rad8 23. Bg3 Qd7 1/2-1/2

[Event "Sparkassen-Open A"]
[Site "Heusenstamm, Martinsee"]
[Date "2024.11.24"]
[Round "7.29"]
[White "Kaiser, Danny"]
[Black "Burow, Roger"]
[Result "1-0"]
[WhiteElo "1627"]
[BlackElo "1716"]
[PlyCount "49"]
[EventDate "2024.11.21"]
[WhiteTeam "SC Bad Nauheim"]
[BlackTeam "SV 1920 Kelsterbach"]

1. d4 Nf6 2. c4 c5 3. e3 cxd4 4. exd4 g6 5. Nf3 d6 6. Nc3 Bg7 7. g3 Nc6 8. Bg2 O-O 9. O-O Ng4 10. Re1 Nh6 11. Be3 Nf5 12. Qd2 Nxe3 13. Qxe3 e6 14. Rad1 Qb6 15. b3 Nb4 16. Qd2 Nc6 17. Qe3 a6 18. d5 Qxe3 19. Rxe3 exd5 20. Nxd5 Rd8 21. Nc7 Rb8 22. Re8+ Bf8 23. Rxd8 Nxd8 24. Ne8 Bd7 25. Nf6+ 1-0

[Event "Sparkassen-Open A"]
[Site "Heusenstamm, Martinsee"]
[Date "2024.11.24"]
[Round "7.35"]
[White "Bardorz, Christoph"]
[Black "Tomovski, Leon"]
[Result "1/2-1/2"]
[WhiteElo "1787"]
[BlackElo "1495"]
[PlyCount "35"]
[EventDate "2024.11.21"]
[WhiteTeam "TSV 1869 e. V. Rottendorf"]
[BlackTeam "Karlsruher SF 1853"]

1. e4 e6 2. d4 d5 3. Nd2 Nc6 4. c3 dxe4 5. Nxe4 Nf6 6. Nxf6+ Qxf6 7. Nf3 h6 8. Bd3 Bd6 9. O-O O-O 10. Re1 e5 11. dxe5 Nxe5 12. Nxe5 Bxe5 13. Qh5 Bxc3 14. bxc3 Qxc3 15. Bxh6 gxh6 16. Rad1 Qg7 17. Qc5 c6 18. Re7 1/2-1/2

[Event "Sparkassen-Open A"]
[Site "Heusenstamm, Martinsee"]
[Date "2024.11.24"]
[Round "7.36"]
[White "Haftmann, Rainer"]
[Black "Klockhaus, Daniel"]
[Result "1/2-1/2"]
[WhiteElo "1809"]
[BlackElo "1666"]
[PlyCount "84"]
[EventDate "2024.11.21"]
[WhiteTeam "SAbt SG 1945 Dietzenbach"]
[BlackTeam "SJ Herborn 1998"]

1. e4 c6 2. d4 d5 3. exd5 cxd5 4. Bd3 Nc6 5. c3 Nf6 6. Nf3 Bg4 7. h3 Bh5 8. Qe2 e6 9. Bg5 Be7 10. Nbd2 Rc8 11. g4 Bg6 12. Ne5 Bxd3 13. Qxd3 Nxe5 14. dxe5 Nd7 15. Bxe7 Qxe7 16. f4 Nc5 17. Qb5+ Qd7 18. Qxd7+ Kxd7 19. Ke2 Ke7 20. Rhf1 Rhd8 21. Ke3 Nd7 22. Nb3 Nb6 23. Rf2 Nc4+ 24. Kf3 Rc6 25. Nd4 Rb6 26. b3 Na5 27. Rc1 Rc8 28. Kg3 Nc6 29. Rfc2 Nxd4 30. cxd4 Rxc2 31. Rxc2 Rc6 32. Rxc6 bxc6 33. b4 f6 34. g5 f5 35. h4 g6 36. Kf3 Kd7 37. Ke3 Kc7 38. Kd3 Kb6 39. a4 a6 40. Kc3 Kb7 41. Kb3 Kc8 42. Ka3 Kb7 1/2-1/2

[Event "Sparkassen-Open A"]
[Site "Heusenstamm, Martinsee"]
[Date "2024.11.24"]
[Round "7.37"]
[White "Lerch, Cornelia"]
[Black "Kuran, Rainer"]
[Result "1-0"]
[WhiteElo "1787"]
[BlackElo "1652"]
[PlyCount "73"]
[EventDate "2024.11.21"]
[WhiteTeam "SK 1980 Gernsheim"]
[BlackTeam "Karlsruhe"]

1. e4 c5 2. Nf3 a6 3. g3 b5 4. Bg2 Bb7 5. d3 e6 6. O-O Qc7 7. Re1 Ne7 8. Bf4 d6 9. c3 Ng6 10. Be3 d5 11. exd5 Bxd5 12. a4 Be7 13. Nbd2 O-O 14. d4 Nd7 15. axb5 axb5 16. Qc2 Ra7 17. Rxa7 Qxa7 18. dxc5 Bxc5 19. Bxc5 Nxc5 20. h4 Qa4 21. Qb1 Ne7 22. Ng5 g6 23. Nge4 Nxe4 24. Nxe4 Kg7 25. Qc1 Ng8 26. Nc5 Qc4 27. Nd7 Rd8 28. Ne5 Qc5 29. h5 Bxg2 30. Kxg2 Rd5 31. Qf4 f6 32. Ng4 Rxh5 33. Qf3 Rf5 34. Qb7+ Kh8 35. Rxe6 Qc4 36. Re4 Qc5 37. Re8 1-0